00980nam a2200229 a 450000100100000000500170001000800410002704000250006808200180009310000340011124500800014526000380022530000280026365000370029165000460032865000320037465000510040691000380045795201160049595201220061199900170073300002883320250129142215.0110412s2008 dr a r 000 0 spa d aDO-SdBNPbspacBNPHU a363.63bG215u1 aGarcés Mallen, Jorge95581810aUso y manejo seguro del gas licuado de petróleo /cJorge Garcés Mallen. aSanto Domingo :bPropagas,c2008. a103 p. :bil. ;c28 cm. 0aGas licuado de petróleo955819 4aCombustiblesxMedidas de seguridad955820 4aCompañías de gas955821 4aIndustria del gasxEquipos y accesorios955822 aValidado. Control de calidad. EMS 0010718PDaPDbPDcHDd2011-04-12iLF1l0o363.63 G215up28833-10r2020-06-25w2020-06-25yLFPDZNo se presta 0010718PDaPDbPDcHDd2011-04-12iLF1l0o363.63 G215up28833-20r2020-06-25te. 2w2020-06-25yLFPDZNo se presta c28325d28325